00781nam a2200181 a 4500008004100000050002200041110001500063245009300078260004000171300002400211350000900235490002900244650004300273650003800316995010000354999001700454952012800471071114s2002 ||||||||||||||||| || u aIBRD(06)CS/2002/9 aWorld Bank10aSlovak Republic: living standards, employment, and labor market studycBy the World Bank aWashington, D. C.bWorld Bankc2002 axxxvii, 162p. :ill. a0.00 aWorld Bank Country Study aSLOVAK (REPUBLIC)--ECONOMIC CONDITIONS aLABOUR MARKETS--SLOVAK (REPUBLIC) D0.00FCBU-MAIN LIBRARY (Kitwe)H1I0.00M1UAVAILABLEWNov 14, 2007ZInternational Publications c57550d57550 00102lcc4070a001b001cInternational Publicationsd2022-11-30l0oIBRD(06)CS/2002/9p45600r2022-11-30w2022-11-30y002